| 000 | 00727nam a2200217Ia 4500 | ||
|---|---|---|---|
| 003 | GCL | ||
| 008 | 140319s9999 xx 000 0 ara d | ||
| 040 |
_aGCL / _cGCL |
||
| 082 | 0 | 4 |
_a950.0072 _bهـ ج |
| 100 | 1 | _aهوبسون، جون ام . | |
| 245 | 1 | 0 |
_aالجذور الشرقية للحضارة الغربية / _cهوبسون، جون ام . |
| 700 | 1 | _aمنال قنديل | |
| 250 | _aالاولى | ||
| 260 |
_aالقاهرة : _bمكتبة الشروق الدولية ، _c2006 |
||
| 300 |
_a415 ص ؛ _c24 سم |
||
| 650 | 0 | 4 | _aالاستشراق والمستشرقون |
| 650 | 0 | 4 | _aالحضارة القديمة |
| 650 | 0 | 4 | _aالشرق الاقصى |
| 650 | 0 | 4 | _aاسيا - تاريخ |
| 942 |
_2ddc _cBK |
||
| 999 |
_c9307 _d9307 |
||